Karate 3 - Statistics

General Stats
  • This quiz has been taken 6 times
  • The average score is 3 of 31
Answer Stats
Hint Answer % Correct
begin hajime
100%
black belt rank dan
80%
under black belt rank kyu
80%
stop mate
20%
knife hand block shuto uke
20%
elbow block empi uke
0%
hard and soft goju
0%
back hand block haishu uke
0%
back hand punch haishu zuke
0%
wide hourglass stance hangetsu dachi
0%
Knee block hiza uke
0%
hook stance kagi dachi
0%
Wrist Block Kakuto Uke
0%
wrist punch (chicken head punch) kakuto zuke
0%
joint kick kangetsu geri
0%
Shoulder wheel throw Kata Garuma
0%
ridge hand block koko uke
0%
Layout cat stance Ko Neko Dachi
0%
Jungle stance Mitsurin Dachi
0%
double spear hand punch morote nukite zuke
0%
augmented middle block morote uke
0%
spear hand punch nukite zuke
0%
lunge punch oi zuke
0%
extended middle kickle punch oniken zuke
0%
hourglass stance sanchin dachi
0%
ox jaw punch seiryuto zuke
0%
closed two hand cover te uke
0%
back thrust kick ushiro kekomi
0%
bo sizes yawara (8-11") billy club (12-24") baton (25-48") tan-jo (48-62") jo(62-71") bo (72" and up)
0%
side thrust kick yoko kekomi
0%
kneeling bow ze rei
0%
No matching quizzes found
Score Distribution
Percent of People with Each Score
Percentile by Number Answered
Your Score History
You have not taken this quiz